000 04937 a2200193 4500
003 NALT
005 20250521155545.0
008 231122b th ||||| |||| 00| 0 tha d
040 _aNALT
_btha
_cNALT
110 2 _aกระทรวงมหาดไทย.
_bกลุ่มจังหวัดภาคตะวันออกเฉียงเหนือตอนกลาง
_965862
245 1 0 _aรายงานประจำปี 2567 กลุ่มจังหวัดภาคตะวันออกเฉียงเหนือตอนกลาง =
_bAnnual Report 2024 : Mid Northeastern Provincial Cluster /
_cสำนักบริหารยุทธศาสตร์กลุ่มจังหวัดภาคตะวันออกเฉียงเหนือตอนกลาง.
260 _aขอนแก่น :
_bร้อยแก่นสารสินธุ์ กลุ่มจังหวัดภาคตะวันออกเฉียงเหนือตอนกลาง,
_c2567.
300 _a189 หน้า :
_bภาพประกอบ, ตาราง, แผนภูมิ, แผนที่ ;
_c26 ซม.
505 2 _aRoi Kaen Sara Sin Special Chapters -- Special chapter 1: ROI KAEN SARA SIN Group Cluster Identity System -- Special chapter 2: มนต์เสน่ห์เสียงลำนำและแสงธรรมแห่งศรัทธา: หมอลำและพุทธบารมีดินแดนอีสานกลางร้อยแก่นสารสินธุ์ -- Special chapter 3: Roi Kaen Sara Sin Our Food Our Place Our Festivals มหัศจรรย์อาหาร สถานที่ท่องเที่ยว และเทศกาลสำคัญของกลุ่มจังหวัดร้อยแก่นสารสินธุ์ -- ผู้บริหารกลุ่มจังหวัด คณะผู้บริหารกลุ่มจังหวัดภาคตะวันออกเฉียงเหนือตอนกลาง -- คณะกรรมการของกลุ่มจังหวัด คณะกรรมการบริหารงานกลุ่มจังหวัดแบบบูรณาการ (ก.บ.ก.) คณะกรรมการร่วมภาครัฐและเอกชนเพื่อแก้ไขปัญหาทางเศรษฐกิจกลุ่มจังหวัด (กรอ.) -- สำนักบริหารยุทธศาสตร์กลุ่มจังหวัดภาคตะวันออกเฉียงเหนือตอนกลาง The Office of Strategy Management: OSM Mid Northeastern Provincial Cluster -- ร้อยแก่นสารสินธุ์ มีอะไรบ้าง พามาเบิ้ง ชวนมารู้จักกลุ่มจังหวัดภาคตะวันออกเฉียงเหนือตอนกลาง -- เพราะเป้าหมายมีไว้พุ่งชน ยุทธศาสตร์การพัฒนาของกลุ่มจังหวัดภาคตะวันออกเฉียงเหนือตอนกลาง -- จากวันวานที่งดงามสู่การพัฒนากลุ่มจังหวัดอย่างยั่งยืน ผลการพัฒนากลุ่มจังหวัดภาคตะวันออกเฉียงเหนือตอนกลางที่ผ่านมา (พ.ศ. 2561 - 2565) -- เพื่อก้าวสู่กลุ่มจังหวัดที่ทันสมัยและน่าอยู่ (Smart Cluster) ผลการดำเนินงานของกลุ่มจังหวัดภาคตะวันออกเฉียงเหนือตอนกลาง ประจำปีงบประมาณ พ.ศ. 2567 -- เฮ็ดเวียกเฮ็ดงานนำกัน กิจกรรมที่สำคัญของกลุ่มจังหวัดภาคตะวันออกเฉียงเหนือตอนกลาง ประจำปีงบประมาณ พ.ศ. 2567 -- ชวนมาเบิ่งจังหวัดบ้านเฮา แนะนำจังหวัดในกลุ่มจังหวัด และปฏิทินและกิจกรรมการท่องเที่ยวของจังหวัดในกลุ่มจังหวัด.
856 _uhttps://online.anyflip.com/dpvhf/jahb/mobile/index.html
942 _2lcc
_cGOV
996 _ai002
_bLIBSTF
_c2023-12-08
999 _c102580
_d102580
998 _j9013
_k กัลยกร อิ่มสาย